Представление документа в формате RUSMARC

ПолеНазваниеЗначение
  Тип записи a
  Библиографический уровень m
001 Контрольный номер RU/CBS_UL/BASE/684502817
005 Дата корректировки 20240209175016.0
010 Индекс ISBN __
a ISBN 978-5-91103-252-4
b Уточнения в пер.
d Цена 721 р. 00 к.
9 Тираж экз.
100 Данные общей обработки __
a Данные общей обработки 20210909d2021 ||| 0rusy0189 ca
101 Язык документа 0_
a Язык текста rus
102 Страна публикации __
a Страна публикации RU
105 Кодированные данные (монография) __
a Кодированные данные (монография) y###||||000|y
181 Поле кодированных данных: вид содержания _1
a Код вида содержания (ISBD) i#
b Код характеристики содержания (ISBD) #xxe##
d i
g x
h x
i e
2 Код системы (источник кода, отличный от ISBD) isbdcontent
182 Поле кодированных данных: тип средства _1
a Код типа средства (ISBD) n
2 Код системы (источник кода, отличный от ISBD) isbdmedia
200 Заглавие и сведения об ответственности 1_
a Заглавие Капитал в XXI веке
b Общее обозначение материала Текст
d Параллельное заглавие Le capital au XXIe siècle
f Первые сведения об ответственности Т. Пикетти
g Последующие сведения об ответственности [пер. с англ. А. Дунаева]
w Текст (визуальный) : непосредственный
z Язык параллельного заглавия eng
203 Вид содержания и тип средства __
a Вид содержания Текст
b Характеристика содержания визуальный
c Тип средства непосредственный
210 Выходные данные 1_
a Место издания Москва
c Издательство Ад Маргинем Пресс
d Дата издания 2015
215 Физическое описание __
a Объем 591 с.
c Иллюстрации/тип воспроизводства ил.
d Формат 24 см.
300 Общие примечания __
a Общие примечания Книга в суперобл.
333 Примечание о целевом назначении __
a Примечание о целевом назначении 16+
606 Тематические рубрики 0_
a Основная рубрика Экономическая теория - История
610 Ключевые слова 0_
a Ключевые слова экономика
a Ключевые слова экономическая история
a Ключевые слова национальный доход
a Ключевые слова капитал
a Ключевые слова финансы
a Ключевые слова доходы
686 Индексы других классификаций __
a Классификационный индекс 65.01
2 Код системы rubbk
700 Автор _1
a Фамилия Пикетти
b Имя (инициалы) Томас
g Полное личное имя Т.
801 Источник записи _0
a Страна RU
b Организация МБУК ЦБС
c Дата составления 20210909
g Правила каталогизации RCR
801 Источник записи _1
a Страна RU
b Организация МБУК ЦБС г. Ульяновска
c Дата составления 20210909
g Правила каталогизации RCR
899 Данные о местонахождении __
i Авторский знак П 32
j Расстановочный фильтр 65.01
900 Электронные ресурсы __
a Имя электронного ресурса т. пикетте капитал
901 Тип документа __
t Тип документа m
910 Корректоры записи __
a Корректор записи Хисамова